| 000 | 00787nam a2200217Ii 4500 | ||
|---|---|---|---|
| 003 | JO-AjNU | ||
| 008 | 230605s9999||||xx |||||||||||||| ||und|| | ||
| 040 |
_aJO-AjNU _bara _erda _cJO-AjNU |
||
| 041 | _aara | ||
| 050 | 1 | 4 | _aPJ6161.G4232 1986 |
| 100 | 3 |
_aغرّيب، جورج, _eauthor _942311 |
|
| 245 | 0 | 0 | _aالبيان المفصل في صناعة الانشاء والبلاغة والعروض |
| 250 | _aط1 | ||
| 264 | 3 | 1 | _aبيروت: دار الثقافة، 1986 |
| 300 | _a287ص | ||
| 336 |
_atext _btxt _2rdacontent |
||
| 337 |
_aunmediated _bn _2rdamedia |
||
| 338 |
_avolume _bnc _2rdacarrier |
||
| 490 | 0 | _aسلسلةالموسوع في الأدب العربي 46 | |
| 650 | 4 |
_aالشعر العربي-عروض وقوافي-اللغة العربية-بلاغة _942312 |
|
| 999 |
_aA18108 _c21676 _d21676 |
||